000 01103nac a22003137a 4500
001 BR8000464
003 BR-BrBNA
005 20240105114618.0
008 230509b bl.|||m| |||| 00| 0 por d
040 _aBR-BrBNA
_bpor
_cBiblioteca Nacional de Agricultura
072 _aH20
090 _a0336 BR8000464
100 1 _aCasela, C.R.
110 1 _aUnidade de Execucao de Pesquisa de Ambito Estadual de Pelotas, RS (Brasil)
_910370
245 1 _aDoencas da soja [Glycine max; Fungo; Bacteria; Virus; Nematoide; Variedade resistente; Brasil]
246 1 _a[Soybean diseases [Glycine max; Fungus; Bacterium; Virus; Nematoide; Resistant variety; Brazil]]
260 3 _aPelotas, RS (Brasil):
_cSep 1979.
300 _a17 p.
490 _aCircular Tecnica - Unidade de Execucao de Pesquisa de Ambito Estadual de Pelotas (Brazil)
_vno. 5
_x
650 _aDoenca de planta
650 _aSoja
650 _aFungo
650 _aBacteria
650 _aVirus
650 _aNematoide
650 _aVariedade resistente
909 _a202312
_bLúcia Elande
_c55
_dLúcia Elande
942 _2AGRIS
_n0
_cMS
999 _c270344
_d270344